Iglesia y religión en los Estados Unidos y Canadá

Gorde:
Xehetasun bibliografikoak
Egile nagusia: Mora Mérida, José Luis (autor)
Formatua: Liburua
Hizkuntza:gaztelania
Argitaratua: Madrid MAPFRE 1992
Saila:Colección Iglesia Católica en el Nuevo Mundo, 3
Gaiak:
Etiketak: Etiketa erantsi
Etiketarik gabe, Izan zaitez lehena erregistro honi etiketa jartzen!

MARC

LEADER 00000nam a2200000 a 4500
001 UCX7024
003 CL-VaPUC
008 930910e19920000SP |||||||||||||||||spa|d
082 0 4 |a 277.7  |b MOR  |2 21 
100 |a Mora Mérida, José Luis  |e autor  |9 323751 
245 1 0 |a Iglesia y religión en los Estados Unidos y Canadá 
300 |a 263 p 
942 |c BK 
945 |d 19930910 00:00:00 
260 |a Madrid  |b MAPFRE  |c 1992 
650 0 |a Religión   |9 255164 
651 0 |a Estados Unidos  |9 255178 
651 7 |a CANADA  |2 CL-VaPUC  |9 323752 
583 |a last modification  |c 19930910 00:00:00  |k Rodrigo Vera 
490 0 |a Colección Iglesia Católica en el Nuevo Mundo, 3 
999 |c 226944  |d 226942 
952 |0 0  |1 0  |4 0  |6 277_700000000000000_MOR_1992  |7 0  |8 A  |9 225657  |a BIBHIS  |b BIBHIS  |d 2019-11-15  |i 2942968  |o 277.7 MOR 1992  |p 2942968  |r 2025-01-20  |w 2019-11-15  |y BK  |k HIS